000 00485cam a2200157 4500
001 1916
005 20181127164225.0
008 731207r1964uuuunyua 000 0 eng
010 _a 66005641
100 1 _aAllen, R. G. D.
_q(Roy George Douglas)
245 1 0 _aMathematical analysis for economists /
_c R. G. D. Allen.
260 _aNew York :
_bSt. Martin's Press,
_c1964.
300 _axv, 548 p. :
_bill. ;
_c21 cm.
650 0 _aEconomics, Mathematical.
650 0 _aMathematical analysis.
999 _c1476
_d1476